| 000 | 00418nam a2200145 a 4500 | ||
|---|---|---|---|
| 001 | 2859 | ||
| 003 | CDMR | ||
| 005 | 20130320111203.0 | ||
| 008 | 130130s2001||||||||||||||||||||||||||||d | ||
| 040 |
_aCDMR _bcat _cCPC GIRONA |
||
| 110 | 1 |
_92103 _aGirona _b -- Oficina del Defensor del Ciutadà |
|
| 245 | 1 | 0 |
_aMemòria 2000 _cOficina del Defensor del Ciutadà de Girona |
| 260 |
_c2001 _bAjuntament de Girona |
||
| 942 |
_cMON _2udc |
||
| 999 |
_c2859 _d2859 |
||